La vida de las hermanas Brontë
Salvato in:
| Autori principali: | , |
|---|---|
| Natura: | Libro |
| Lingua: | spagnolo |
| Pubblicazione: |
Buenos Aires
Espasa-calpe Argentina S. A
1948
|
| Edizione: | 1a. ed |
| Soggetti: | |
| Tags: |
Aggiungi Tag
Nessun Tag, puoi essere il primo ad aggiungerne!!
|
MARC
| LEADER | 00000cam a2200000 a 4500 | ||
|---|---|---|---|
| 001 | UCE2481 | ||
| 003 | CL-VaPUC | ||
| 008 | 140703e19480000ag |||||||||||||||||spa|d | ||
| 082 | 0 | 4 | |a 928.1 |b ROM |2 21 |
| 100 | 0 | |a Romieu, Emilie |e author |9 574933 | |
| 700 | 0 | |a Romieu, Georges |e author |9 574934 | |
| 245 | 1 | 3 | |a La vida de las hermanas Brontë |
| 250 | |a 1a. ed | ||
| 300 | |a 216 p | ||
| 942 | |c BK | ||
| 945 | |d 20140703 14:09:00 |a dcastane | ||
| 260 | |a Buenos Aires |b Espasa-calpe Argentina S. A |c 1948 | ||
| 600 | 0 | |a Brontë, Charlotte |d 1816-1855 |9 418106 | |
| 600 | 0 | 7 | |a BRONTE, EMILY |2 CL-VaPUC |9 332916 |
| 650 | 0 | |a Biografías |9 255210 | |
| 650 | 0 | |a Escritoras |9 513690 | |
| 583 | |a last modification |c 20140703 14:09:00 |k Rodrigo Vera | ||
| 999 | |c 356078 |d 356076 | ||
| 952 | |0 0 |1 0 |3 erd |4 0 |6 928_100000000000000_ROM_1948 |7 0 |8 P |9 463157 |a BIBEDU |b BIBEDU |c BIBEDU_PB |i 5047943 |o 928.1 ROM 1948 |p 5047943 |r 2024-01-25 |w 2019-11-23 |y BK |z Catalogado en:20140703 |k LIT | ||